City Nicknames - Statistics

General Stats
  • This quiz has been taken 114 times
  • The average score is 5 of 15
Answer Stats
City Nickname % Correct
New York, NY The Big Apple
96%
Chicago, IL The Windy City
69%
Las Vegas, NV Sin City
55%
Denver, CO The Mile High City
53%
New Orleans, LA The Big Easy
44%
Philadelphia, PA The City of Brotherly Love
42%
Rome, Italy The Eternal City
40%
Los Angeles, CA The City Of Angels
37%
Paris, France The City of Love
29%
Singapore, Singapore The Lion City
14%
Miami, FL The Magic City
5%
Hershey, PA The Sweetest Place on Earth
5%
Atlantic City, NJ Always Turned On
1%
London, UK The Old Smoke
1%
Naples, Italy City of the Sun
0%
No matching quizzes found
Score Distribution
Percent of People with Each Score
Percentile by Number Answered
Your Score History
You have not taken this quiz